header

The right to decent work of persons with disabilities (Record no. 119462)

MARC details
000 -LEADER
fixed length control field 01462nam a2200349 a 4500
100 1# - MAIN ENTRY--AUTHOR NAME
Personal name O'Reilly, Arthur.
245 14 - TITLE STATEMENT
Title The right to decent work of persons with disabilities
250 ## - EDITION STATEMENT
Edition statement Rev. ed.
260 ## - PUBLICATION, DISTRIBUTION, ETC. (IMPRINT)
Place of publication Geneva, Switzerland :
Name of publisher International Labour Office,
Year of publication c2007.
300 ## - PHYSICAL DESCRIPTION
Number of Pages xii, 149 p.
500 ## - GENERAL NOTE
General note "First published as a working paper 2003"-- t.p. verso.
650 #0 - SUBJECT ADDED ENTRY--TOPICAL TERM
Topical Term People with disabilities
Topical Term Discrimination against people with disabilities
856 40 - ELECTRONIC LOCATION AND ACCESS
Uniform Resource Identifier http://site.ebrary.com/lib/rucke/Doc?id=10512013

No items available.

© 2026 Rongo University
Contact us: librarian | system librarian | Rongo university